| 000 | 01514nam a2200385Ia 4500 | ||
|---|---|---|---|
| 001 | ebr10120485 | ||
| 003 | CaPaEBR | ||
| 006 | m u | ||
| 007 | cr cn||||||||| | ||
| 008 | 030227s2004 enka sb 001 0 eng d | ||
| 010 | _z 2003043949 | ||
| 020 | _z0511163932 | ||
| 020 | _z0521808685 | ||
| 020 | _z052100473X (pbk.) | ||
| 040 |
_aCaPaEBR _cCaPaEBR |
||
| 035 | _a(OCoLC)69017012 | ||
| 050 | 1 | 4 |
_aGN475.5 _b.S84 2004eb |
| 082 | 0 | 4 |
_a133.4/3 _221 |
| 100 | 1 | _aStewart, Pamela J. | |
| 245 | 1 | 0 |
_aWitchcraft, sorcery, rumors, and gossip _h[electronic resource] / _cPamela J. Stewart, Andrew Strathern. |
| 260 |
_aCambridge, UK ; _aNew York : _bCambridge University Press, _c2004. |
||
| 300 |
_axiv, 228 p. : _bill. |
||
| 490 | 1 | _aNew departures in anthropology | |
| 504 | _aIncludes bibliographical references (p. 205-216) and index. | ||
| 533 |
_aElectronic reproduction. _bPalo Alto, Calif. : _cebrary, _d2009. _nAvailable via World Wide Web. _nAccess may be limited to ebrary affiliated libraries. |
||
| 650 | 0 |
_aWitchcraft _vCross-cultural studies. |
|
| 650 | 0 |
_aGossip _vCross-cultural studies. |
|
| 650 | 0 |
_aSocial conflict _vCross-cultural studies. |
|
| 650 | 0 |
_aViolence _vCross-cultural studies. |
|
| 655 | 7 |
_aElectronic books. _2local |
|
| 700 | 1 | _aStrathern, Andrew. | |
| 710 | 2 | _aebrary, Inc. | |
| 830 | 0 | _aNew departures in anthropology. | |
| 856 | 4 | 0 |
_uhttp://site.ebrary.com/lib/rucke/Doc?id=10120485 _zAn electronic book accessible through the World Wide Web; click to view |
| 999 |
_c215861 _d215861 |
||